| 000 | 01370nas a2200409 4500 | ||
|---|---|---|---|
| 001 | BR2012004887 | ||
| 003 | BR-BrBNA | ||
| 005 | 20231205120812.0 | ||
| 007 | ta | ||
| 008 | 230509b bl.|||p| |||| 00| 00por d | ||
| 040 |
_aBR-BrBNA _bpor _cBiblioteca Nacional de Agricultura |
||
| 041 | _a(Pt) | ||
| 072 | _aF40; F01 | ||
| 100 | 1 | _aTabosa, J.N. | |
| 100 | 1 | _aReis, O.V. dos | |
| 100 | 1 | _aBrito, A.R. de M.B. | |
| 100 | 1 | _aMonteiro, M.C.D. | |
| 100 | 1 | _aSimplício, J.B. | |
| 100 | 1 | _aOliveira, J.A.C. de | |
| 100 | 1 | _aSilva, F.G. da | |
| 100 | 1 | _aAzevedo Neto, A.D. de | |
| 100 | 1 | _aNascimento, M.M.A. do | |
| 100 | 1 | _aLima, L.E. de | |
| 100 | 1 | _aCarvalho, H.W.L. de | |
| 100 | 1 | _aOliveira, L.R. de | |
| 245 | 1 | _aComportamento de cultivares de sorgo forrageiro em diferentes ambientes agroecológicos dos estados de Pernambuco e Alagoas | |
| 246 | 1 | _aForage sorghum cultivars performance in diferent soil and climate environments in Pernambuco and Alagoas, northeast Brazil | |
| 650 | _aSORGO FORRAGEIRO | ||
| 650 | _aCONDIÇÃO AMBIENTAL | ||
| 650 | _aFORRAGEM | ||
| 650 | _aMATÉRIA SECA | ||
| 650 | _aPERNAMBUCO | ||
| 650 | _aALAGOAS | ||
| 773 | 0 |
_tRevista Brasileira de Milho e Sorgo (Brazil) _xISSN 1676-689X _g(May-Aug 2002), v. 1(2) p. 47-58 _wBR2012004887 |
|
| 909 |
_a202311 _bLúcia _c55 _dLúcia Elande |
||
| 942 |
_2AGRIS _n0 _cANA |
||
| 999 |
_c220382 _d220382 |
||